000 00467nmm a2200169Ia 4500
008 251105s9999||||xx |||||||||||||||||und||
020 _a9781671907195
041 _aspa
100 _aSierra i Fabra, Jordi
245 0 _aLa esquina del círculo
264 _a[Madrid, España] :
_bEditorial SiF,
_c2019
300 _a314 páginas
490 _aDaniel Ros
650 _aSpanish narrative
856 _uhttps://public.digitaliapublishing.com/a/98484
942 _cCF
999 _c75322
_d75322